00810nam a2200217 a 450000500170000000800410001702000150005804100080007309200160008110000240009724500370012125000120015826000510017030000110022150000900023259000680032265500180039094200120040899900150042095201570043520241202085802.0 t1988||||ag f |||| 001 0 spa d a9505163208 aspa c170l9sBUN1 aBunge, Mario.91168 aÉtica y ciencia /cMario Bunge a3a ed.  aBuenos Aires: bEdiciones Siglo Veinte;c1988. a111 p. aBunge, M. (1988). Ética y ciencia. (3a ed.). Buenos Aires : Ediciones Siglo Veinte. aProyecto 4to libro. Donación Maria Vitarelli, Diciembre 2017. aÉtica94221 2ddccBK c3207d3207 00102ddc4070aBFMbBFMcCRd2024-11-12eDonación Noviembre 2024l0o170 9 BUNp4920r2024-11-12tEj. 1w2024-11-12yBKzDonación Noviembre 2024f